Texas Former and Current Municipalities - Statistics

General Stats
  • This quiz has been taken 9 times
    5 since last reset
  • The average score is 193 of 4021
Answer Stats
Municipality % Correct
Amarillo
100%
Athens
100%
Austin
100%
B and E
100%
Bedford
100%
Brownsville
100%
Canyon
100%
Dallas
100%
Eden
100%
Edinburg
100%
El Paso
100%
Fry
100%
Houston
100%
Johnson
100%
Odessa
100%
Park
100%
Pittsburg
100%
Richards
100%
San Antonio
100%
San Juan
100%
Spring
100%
Van
100%
Victoria
100%
Waco
100%
Abbott
50%
Abilene
50%
Adams
50%
Addison
50%
Alice
50%
Alpine
50%
Amsterdam
50%
Andrews
50%
Anna
50%
Anthony
50%
Anton
50%
Archer City
50%
Argyle
50%
Arlington
50%
Art
50%
Atascocita
50%
Atlanta
50%
Balch Springs
50%
Bastrop
50%
Baytown
50%
Bee Cave
50%
Bellmead
50%
Benbrook
50%
Berlin
50%
Big Spring
50%
Black
50%
Blue
50%
Blue Ridge
50%
Boise
50%
Bonham
50%
Boston
50%
Brock
50%
Brownsboro
50%
Brownwood
50%
Bruceville-Eddy
50%
Buffalo
50%
Bulverde
50%
Burleson
50%
Burnet
50%
Caddo
50%
Caddo Mills
50%
Canton
50%
Carrizo Springs
50%
Castroville
50%
Centralia
50%
Charleston
50%
Charlotte
50%
Chico
50%
Chillicothe
50%
Clarendon
50%
Clarksville
50%
Cleburne
50%
Colleyville
50%
Colorado
50%
Commerce
50%
Converse
50%
Copeville
50%
Corpus Christi
50%
Corsicana
50%
Crandall
50%
Cuero
50%
Cypress
50%
Dale
50%
Dalhart
50%
Dawson
50%
Dean
50%
Del Rio
50%
Del Valle
50%
Denison
50%
Dennis
50%
DeSoto
50%
Dillon
50%
Donna
50%
Doyle
50%
Dripping Springs
50%
Dublin
50%
Dumas
50%
Duncanville
50%
Eagle Pass
50%
El Campo
50%
Elkhart
50%
Emory
50%
Ennis
50%
Fairfield
50%
Fairview
50%
Falcon
50%
Falfurrias
50%
Farmer
50%
Farmersville
50%
Fate
50%
Florence
50%
Floresville
50%
Flower Mound
50%
Floyd
50%
Floydada
50%
Forney
50%
Fort Worth
50%
Fred
50%
Fredericksburg
50%
Friendswood
50%
Frisco
50%
Fruitvale
50%
Galveston
50%
Garland
50%
Gilmer
50%
Glen Rose
50%
Goldsboro
50%
Goliad
50%
Graham
50%
Grand Prairie
50%
Grand Saline
50%
Grapeland
50%
Grapevine
50%
Greenville
50%
Gregory
50%
Gun Barrel City
50%
Gunter
50%
Hamilton
50%
Happy
50%
Harlingen
50%
Heath
50%
Henderson
50%
Hico
50%
High
50%
Highland Park
50%
Homer
50%
Horizon City
50%
Howe
50%
Humble
50%
Hurst
50%
Hutchins
50%
Hutto
50%
Ireland
50%
Irving
50%
Italy
50%
Jacksboro
50%
Jasper
50%
Jean
50%
Jefferson
50%
Johnson City
50%
Jolly
50%
Jollyville
50%
Jonestown
50%
Jonesville
50%
Josephine
50%
Katy
50%
Kaufman
50%
Keller
50%
Kemp
50%
King
50%
Kingston
50%
Klein
50%
Lago
50%
Lago Vista
50%
La Joya
50%
Lakeway
50%
Lampasas
50%
Lancaster
50%
Laredo
50%
Lavon
50%
League City
50%
Leona
50%
Leonard
50%
Lewisville
50%
Lincoln
50%
London
50%
Los Fresnos
50%
Lubbock
50%
Lucas
50%
Mabank
50%
Macdona
50%
Magnolia
50%
Marathon
50%
Marfa
50%
Mart
50%
McAllen
50%
McKinney
50%
McLean
50%
McLendon-Chisholm
50%
Medina
50%
Melissa
50%
Memphis
50%
Menard
50%
Mentone
50%
Mesquite
50%
Mexia
50%
Midland
50%
Midlothian
50%
Mildred
50%
Mineola
50%
Mission
50%
Missouri City
50%
Monahans
50%
Moscow
50%
Murphy
50%
Nacogdoches
50%
New Boston
50%
Newton
50%
North Richland Hills
50%
Omaha
50%
Oran
50%
Orange
50%
Palestine
50%
Palmer
50%
Paris
50%
Parker
50%
Parris
50%
Peñitas
50%
Perry
50%
Perryton
50%
Pflugerville
50%
Pilot Point
50%
Plains
50%
Plainview
50%
Plano
50%
Port Arthur
50%
Porter
50%
Port Lavaca
50%
Post
50%
Princeton
50%
Prosper
50%
Quanah
50%
Queen City
50%
Quinlan
50%
Quitman
50%
Red Oak
50%
Rhome
50%
Ricardo
50%
Rice
50%
Richardson
50%
Roby
50%
Rockport
50%
Rockwall
50%
Ross
50%
Rosser
50%
Round Rock
50%
Rowlett
50%
Royse City
50%
Sabine
50%
Saginaw
50%
Schertz
50%
Scotland
50%
Scurry
50%
Seagoville
50%
Selma
50%
Sherman
50%
Silver
50%
Spring Branch
50%
Springfield
50%
Stephenville
50%
Sterling
50%
Sterling City
50%
St. Paul
50%
Sugar Land
50%
Sulphur Springs
50%
Sundown
50%
Sunnyvale
50%
Sunset
50%
Sunset Valley
50%
Sweden
50%
Talty
50%
Taylor
50%
Teague
50%
Terrell
50%
Texarkana
50%
The Colony
50%
Tow
50%
Tyler
50%
Uvalde
50%
Van Alstyne
50%
Venus
50%
Wall
50%
Warren
50%
Warrenton
50%
Waxahachie
50%
Weatherford
50%
West
50%
Whitesboro
50%
Wichita Falls
50%
Willis
50%
Wills Point
50%
Wilmer
50%
Wilson
50%
Wink
50%
Winnsboro
50%
Woodlawn
50%
Wylie
50%
Yantis
50%
Zapata
50%
Abercrombie
0%
Abernathy
0%
Ables Springs
0%
Abram
0%
Acala
0%
Ace
0%
Ackerly
0%
Acme
0%
Acton
0%
Acuff
0%
Adkins
0%
Adobes
0%
Adobe Walls
0%
Adrian
0%
Afton
0%
Agua Dulce
0%
Agua Nueva
0%
Aguilares
0%
Aiken
0%
Airport Heights
0%
Airport Road Addition
0%
Alamo
0%
Alamo Beach
0%
Alamo Heights
0%
Alanreed
0%
Alba
0%
Albany
0%
Albert
0%
Albuquerque
0%
Alderbranch
0%
Aldine
0%
Aldridge
0%
Aledo
0%
Alexander
0%
Alfred
0%
Algoa
0%
Alice Acres
0%
Allamoore
0%
Allamore
0%
Allen
0%
Allenhurst
0%
Alleyton
0%
Allison
0%
Alma
0%
Altair
0%
Alta Loma
0%
Alto
0%
Alto Bonito Heights
0%
Altoga
0%
Alton
0%
Alton North
0%
Alum
0%
Alum Creek
0%
Alvarado
0%
Alvin
0%
Alvord
0%
Amada Acres
0%
Amargosa
0%
Amaya
0%
Ambrose
0%
Ames
0%
Amherst
0%
Amistad
0%
Ammannsville
0%
Ammans Crossing
0%
Amphion
0%
Anacua
0%
Anahuac
0%
Anarene
0%
Anderson
0%
Anderson Mill
0%
Angleton
0%
Angus
0%
Annetta
0%
Annetta North
0%
Annetta South
0%
Annona
0%
Anson
0%
Antelope
0%
Antioch
0%
Appleby
0%
Apple Springs
0%
Aquilla
0%
Aransas City
0%
Aransas Pass
0%
Arcadia
0%
Arcola
0%
Arden
0%
Arispe
0%
Armstrong
0%
Arnett
0%
Arno
0%
Arp
0%
Arroyo Alto
0%
Arroyo Colorado Estates
0%
Arroyo Gardens
0%
Artesia Wells
0%
Arthur City
0%
Asherton
0%
Aspermont
0%
Atascosa
0%
Aubrey
0%
Auburn
0%
Audra
0%
Audubon
0%
Aurora
0%
Austonio
0%
Austwell
0%
Avalon
0%
Avery
0%
Avinger
0%
Avoca
0%
Axtell
0%
Ayr
0%
Ayres
0%
Azle
0%
Back
0%
Bacliff
0%
Bacon
0%
Bagwell
0%
Bailey
0%
Bailey's Prairie
0%
Baird
0%
Bakersfield
0%
Balcones Heights
0%
Ballinger
0%
Balmorhea
0%
Bammel
0%
Bandera
0%
Bandera Falls
0%
Bangs
0%
Bankersmith
0%
Banquete
0%
Barclay
0%
Bardwell
0%
Barker
0%
Barksdale
0%
Barnhart
0%
Barnum
0%
Barrera
0%
Barrett
0%
Barry
0%
Barstow
0%
Bartlett
0%
Barton Creek
0%
Bartonsite
0%
Bartonville
0%
Bascom
0%
Bateman
0%
Batesville
0%
Batson
0%
Bay City
0%
Bayou Vista
0%
Bayside
0%
Bayview
0%
Beach City
0%
Beans
0%
Bear Creek
0%
Bear Creek Ranch
0%
Beasley
0%
Beaumont
0%
Beaumont Place
0%
Beauxart Gardens
0%
Beaver Creek
0%
Bebe
0%
Beckville
0%
Becton
0%
Bedias
0%
Bee House
0%
Beeville
0%
Belcherville
0%
Belknap
0%
Bellaire
0%
Belle Plain
0%
Bellevue
0%
Bells
0%
Bellville
0%
Belmont
0%
Belterra
0%
Belton
0%
Belzora
0%
Ben Arnold
0%
Benavides
0%
Ben Bolt
0%
Bend
0%
Ben Ficklin
0%
Ben Franklin
0%
Ben Hur
0%
Benina
0%
Benjamin
0%
Benjamin Perez
0%
Benton
0%
Benton City
0%
Bentonville
0%
Ben Wheeler
0%
Berclair
0%
Bergheim
0%
Berryville
0%
Bertram
0%
Bessmay
0%
Best
0%
Bethel
0%
Bettie
0%
Bettina
0%
Beverly Hills
0%
Bevil Oaks
0%
Bexar
0%
Beyer Crossing
0%
Bigfoot
0%
Big Lake
0%
Big Sandy
0%
Big Thicket Lake Estates
0%
Big Wells
0%
Biloxi
0%
Birch
0%
Birchville
0%
Birome
0%
Bishop
0%
Bishop Hills
0%
Bitter Creek
0%
Bivins
0%
Bixby
0%
Blackfoot
0%
Black Jack
0%
Blackjack
0%
Black Jack Springs
0%
Blackwell
0%
Blanchard
0%
Blanco
0%
Blanket
0%
Bledsoe
0%
Bleiblerville
0%
Blessing
0%
Block Creek
0%
Bloomburg
0%
Blooming Grove
0%
Bloomington
0%
Blossom
0%
Blue Berry Hill
0%
Bluegrove
0%
Blue Mound
0%
Bluetown
0%
Bluff
0%
Bluff Dale
0%
Bluffton
0%
Blum
0%
Blumenthal
0%
Boerne
0%
Bogata
0%
Bois d'Arc
0%
Boldtville
0%
Boling
0%
Bolivar
0%
Bolivar Peninsula
0%
Bomarton
0%
Bon Ami
0%
Bonanza Hills
0%
Bonita
0%
Bonney
0%
Bono
0%
Bonus
0%
Bon Wier
0%
Booker
0%
Boonville
0%
Booth
0%
Bootleg
0%
Boracho
0%
Borger
0%
Botines
0%
Bovina
0%
Bowie
0%
Box Canyon
0%
Boyd
0%
Boys Ranch
0%
Boz
0%
Bracken
0%
Brackettville
0%
Bradford
0%
Brady
0%
Bragg
0%
Branch
0%
Brandon
0%
Brashear
0%
Brazoria
0%
Brazos
0%
Brazos Country
0%
Brazos Point
0%
Breckenridge
0%
Bremond
0%
Brenham
0%
Briar
0%
Briarcliff
0%
Briaroaks
0%
Bridge City
0%
Bridgeland Community
0%
Bridgeport
0%
Briggs
0%
Briscoe
0%
Bristol
0%
Britton
0%
Broaddus
0%
Bronco
0%
Bronson
0%
Bronte
0%
Brookeland
0%
Brookesmith
0%
Brookshire
0%
Brookside Village
0%
Brookston
0%
Broom City
0%
Broome
0%
Browndell
0%
Brownfield
0%
Browning
0%
Brundage
0%
Bruni
0%
Brushy Creek
0%
Bryan
0%
Bryant Station
0%
Bryson
0%
Buchanan Dam
0%
Buchanan Lake Village
0%
Buckholts
0%
Bucksnort
0%
Buda
0%
Buena Vista
0%
Buffalo Gap
0%
Buffalo Springs
0%
Bugtussle
0%
Bula
0%
Bulcher
0%
Bullard
0%
Buna
0%
Bunker Hill Village
0%
Burkburnett
0%
Burke
0%
Burkett
0%
Burlington
0%
Burning Bush Colony
0%
Burton
0%
Bushland
0%
Butler
0%
Butterfield
0%
Byers
0%
Bynum
0%
Cactus
0%
Cade Lakes
0%
Cain City
0%
Calaveras
0%
Caldwell
0%
Calf Creek
0%
Call
0%
Callaghan
0%
Callahan City
0%
Callan
0%
Callender Lake
0%
Calliham
0%
Callisburg
0%
Calvert
0%
Camargito
0%
Camden
0%
Cameron
0%
Cameron Park
0%
Camey Spur
0%
Campbell
0%
Campbellton
0%
Campo Verde
0%
Camp Swift
0%
Camp Verde
0%
Camp Wood
0%
Canada Verde
0%
Canadian
0%
Candelaria
0%
Candlish
0%
Caney
0%
Caney City
0%
Cantu Addition
0%
Canutillo
0%
Canyon City
0%
Canyon Creek
0%
Canyon Lake
0%
Canyon Valley
0%
Cape Royale
0%
Caplen
0%
Capps Corner
0%
Cap Rock
0%
Caps
0%
Caput
0%
Carbon
0%
Carey
0%
Carlsbad
0%
Carl's Corner
0%
Carlton
0%
Carmine
0%
Carpenter
0%
Carrizo Hill
0%
Carrollton
0%
Carta Valley
0%
Carter
0%
Carthage
0%
Casa Blanca
0%
Casa Piedra
0%
Casas
0%
Cash
0%
Cashion Community
0%
Cason
0%
Castell
0%
Castle Hills
0%
Castolon
0%
Catarina
0%
Cat Spring
0%
Cayuga
0%
Cedar Bayou
0%
Cedar Creek
0%
Cedar Hill
0%
Cedar Lake
0%
Cedar Lane
0%
Cedar Park
0%
Cedar Point
0%
Cedar Springs
0%
Cedar Station
0%
Cee Vee
0%
Cego
0%
Celeste
0%
Celina
0%
Center
0%
Center Point
0%
Centerville
0%
Central Gardens
0%
Cesar Chavez
0%
César Chávez
0%
Cestohowa
0%
Chalk Mountain
0%
Champion Forest
0%
Chandler
0%
Channelview
0%
Channing
0%
Chaparrito
0%
Chapeno
0%
Chapman Ranch
0%
Chappell Hill
0%
Charlie
0%
Chateau Woods
0%
Chatfield
0%
Cheapside
0%
Cherokee
0%
Chester
0%
Cheyenne
0%
Chicota
0%
Childress
0%
Chilton
0%
China
0%
China Grove
0%
China Spring
0%
Chinati
0%
Chinese Coal Mine
0%
Chireno
0%
Chispa
0%
Chocolate Bayou
0%
Chriesman
0%
Christine
0%
Christoval
0%
Chula Vista
0%
Cibolo
0%
Cibolo Settlement
0%
Cienegas Terrace
0%
Cincinnati
0%
Cinco Ranch
0%
Circle D-KC Estates
0%
Cisco
0%
Cistern
0%
Citrus City
0%
Clairemont
0%
Clairette
0%
Clara
0%
Clareville
0%
Clarksville City
0%
Claude
0%
Clay
0%
Clayton
0%
Clear Lake Shores
0%
Clemville
0%
Cleveland
0%
Click
0%
Clifden
0%
Clifton
0%
Clint
0%
Clinton
0%
Clodine
0%
Close City
0%
Cloverleaf
0%
Clute
0%
Clyde
0%
Coahoma
0%
Cockrell Hill
0%
Coffee City
0%
Coffeeville
0%
Coke
0%
Coker
0%
Coldspring
0%
Cold Springs
0%
Coleman
0%
Coles Settlement
0%
College Mound
0%
Collegeport
0%
College Station
0%
Collinsville
0%
Colmesneil
0%
Colorado Acres
0%
Colorado City
0%
Coltharp
0%
Columbus
0%
Comanche
0%
Combes
0%
Combine
0%
Cometa
0%
Comfort
0%
Como
0%
Comstock
0%
Comyn
0%
Concepcion
0%
Concord
0%
Concrete
0%
Cone
0%
Conroe
0%
Cooks Point
0%
Cookville
0%
Cool
0%
Coolidge
0%
Cooper
0%
Copano
0%
Coppell
0%
Copperas Cove
0%
Copper Canyon
0%
Cora
0%
Corinth
0%
Corn Hill
0%
Cornudas
0%
Corrigan
0%
Cost
0%
Cottage Hill
0%
Cotton Center
0%
Cottonwood
0%
Cottonwood Shores
0%
Cotulla
0%
Country Acres
0%
County Line
0%
Coupland
0%
Courtney
0%
Coutchman
0%
Cove
0%
Covington
0%
Cowden Place
0%
Cox
0%
Coyanosa
0%
Coyote Acres
0%
Coyote Flats
0%
Crane
0%
Cranfills Gap
0%
Crawford
0%
Creedmoor
0%
Cresson
0%
Crestonio
0%
Crisp
0%
Crockett
0%
Cronin
0%
Crosby
0%
Crosbyton
0%
Cross Mountain
0%
Cross Plains
0%
Cross Roads
0%
Cross Timber
0%
Crow
0%
Crowell
0%
Crowley
0%
Cryer Creek
0%
Crystal City
0%
Crystal Lake
0%
Cuevitas
0%
Culleoka
0%
Cumby
0%
Cumings
0%
Cummins Crossing
0%
Cuney
0%
Cunningham
0%
Currey's Creek
0%
Curry
0%
Cushing
0%
Cut and Shoot
0%
Cuthbert
0%
Cyclone
0%
Daingerfield
0%
Daisetta
0%
Dalby Springs
0%
Dallardsville
0%
Dalworthington Gardens
0%
Damon
0%
Danbury
0%
Danciger
0%
Danevang
0%
Danville
0%
Darilek
0%
Darrouzett
0%
Darwin
0%
Davidson
0%
Davilla
0%
Dawn
0%
Days Chapel
0%
Dayton
0%
Dayton Lakes
0%
Deadwood
0%
Deanville
0%
DeBerry
0%
Decatur
0%
Decker
0%
DeCordova
0%
Deer Park
0%
Deerwood
0%
De Kalb
0%
Deland
0%
De Leon
0%
Dell City
0%
Del Mar Heights
0%
Delmita
0%
Del Sol
0%
Denhawken
0%
Denson Springs
0%
Denton
0%
Denver City
0%
Deport
0%
Dermott
0%
Desdemona
0%
Desert
0%
Detroit
0%
Devers
0%
Devine
0%
Dew
0%
DeWalt
0%
Dewees
0%
Deweyville
0%
D'Hanis
0%
Dialville
0%
Diana
0%
Dias E Ocho Creek Camp
0%
Diboll
0%
Dickens
0%
Dickinson
0%
Dido
0%
Dietz
0%
Dike
0%
Dilley
0%
Dime Box
0%
Dimmitt
0%
Dinero
0%
Ding Dong
0%
DISH
0%
Dixie
0%
Doan's Crossing
0%
Dobbin
0%
Dodd City
0%
Dodge
0%
Dodge City
0%
Dodson
0%
Doffing
0%
Dogwood City
0%
Dolen
0%
Dolores
0%
Dolores Nuevo
0%
Dolores Viejo
0%
Domino
0%
Donie
0%
Doole
0%
Doolittle
0%
Dorchester
0%
Doseido Colony
0%
Doss
0%
Double Bayou
0%
Double Oak
0%
Doucette
0%
Dougherty
0%
Douglass
0%
Douglassville
0%
Dozier
0%
Draper
0%
Dreka
0%
Driftwood
0%
Driscoll
0%
Drumright
0%
Dryden
0%
Dubina
0%
Duffau
0%
Dull
0%
Dumont
0%
Dundee
0%
Dunlay
0%
Dunn
0%
Durango
0%
Duster
0%
Dye Mound
0%
Dyersdale
0%
Eagle Creek
0%
Eagle Lake
0%
Eagle Mountain
0%
Eagle's Nest
0%
Early
0%
Earth
0%
East Alto Bonito
0%
East Bernard
0%
East Columbia
0%
Easterly
0%
Eastland
0%
East Lopez
0%
East Mountain
0%
Easton
0%
East Tawakoni
0%
Ebenezer
0%
Ebony
0%
Eckert
0%
Ecleto
0%
Ector
0%
Edcouch
0%
Edgecliff Village
0%
Edgewater Estates
0%
Edgewood
0%
Edmonson
0%
Edna
0%
Edom
0%
Edroy
0%
Egan
0%
Egypt
0%
Eidson Road
0%
Elbert
0%
Elbow
0%
El Brazil
0%
El Camino Angosto
0%
El Castillo
0%
El Cenizo
0%
El Chaparral
0%
Elderville
0%
Eldorado
0%
Electra
0%
Elevation
0%
El Gato
0%
Elgin
0%
Elias-Fela Solis
0%
Eliasville
0%
El Indio
0%
Elizabethtown
0%
El Lago
0%
Ellinger
0%
Elmaton
0%
Elm Creek
0%
Elmendorf
0%
El Mesquite
0%
Elm Mott
0%
Elmo
0%
Elmtown
0%
Elmwood
0%
El Quiote
0%
El Rancho Vela
0%
El Refugio
0%
Elsa
0%
El Socio
0%
Elwood
0%
Elysian Fields
0%
Emerald
0%
Emerald Bay
0%
Emhouse
0%
Emma
0%
Encantada-Ranchito El Calaboz
0%
Encantada-Ranchito-El Calaboz
0%
Enchanted Oaks
0%
Encinal
0%
Encino
0%
Energy
0%
Engle
0%
Enloe
0%
Enoch
0%
Enochs
0%
Enon
0%
Eola
0%
Epworth
0%
Era
0%
Erin
0%
Escobares
0%
Escobar I
0%
Esperanza
0%
Estacado
0%
Estelline
0%
Etholen
0%
Etna
0%
Etoile
0%
Eugenio Saenz
0%
Eula
0%
Euless
0%
Eureka
0%
Eustace
0%
Evadale
0%
Evant
0%
Evergreen
0%
Everman
0%
Fabens
0%
Fabrica
0%
Fairchilds
0%
Fairlie
0%
Fairmount
0%
Fair Oaks
0%
Fair Oaks Ranch
0%
Fairy
0%
Falconaire
0%
Falcon Heights
0%
Falcon Lake Estates
0%
Falcon Mesa
0%
Falcon Village
0%
Falls City
0%
Falman
0%
Fannett
0%
Fannin
0%
Farewell
0%
Farmers Branch
0%
Farnsworth
0%
Farwell
0%
Fasken
0%
Fastrill
0%
Fayetteville
0%
Faysville
0%
Fentress
0%
Fernando Salinas
0%
Ferris
0%
Fields Store
0%
Fieldton
0%
Fife
0%
Fifth Street
0%
Finney
0%
Fischer
0%
Flat
0%
Flatonia
0%
Flint
0%
Flomot
0%
Flora
0%
Flor del Rio
0%
Florey
0%
Flowella
0%
Fluvanna
0%
Flynn
0%
Follett
0%
Forest
0%
Forestburg
0%
Forest Glade
0%
Forest Heights
0%
Forest Hill
0%
Forreston
0%
Forsan
0%
Fort Belknap
0%
Fort Bliss
0%
Fort Clark Springs
0%
Fort Davis
0%
Fort Gates
0%
Fort Griffin
0%
Fort Hancock
0%
Fort Holland
0%
Fort Hood
0%
Fort Hudson
0%
Fort Martin Scott
0%
Fort McKavett
0%
Fort Oldham
0%
Fort Phantom Hill
0%
Fort Quitman
0%
Fort Stockton
0%
Fort Terrett
0%
Foster
0%
Fosterville
0%
Four Corners
0%
Four Points
0%
Fowlerton
0%
Francitas
0%
Frankel City
0%
Franklin
0%
Frankston
0%
Fredonia
0%
Freeport
0%
Freer
0%
Frelsburg
0%
Frenstat
0%
Fresno
0%
Freyburg
0%
Friendship
0%
Friendship Village
0%
Friona
0%
Frio Town
0%
Fritch
0%
Frognot
0%
Fronton
0%
Fronton Ranchettes
0%
Frosa
0%
Frost
0%
Fulshear
0%
Fulton
0%
Fuqua
0%
Gafford
0%
Gail
0%
Gainesville
0%
Galena Park
0%
Gallatin
0%
Galloway
0%
Ganado
0%
Gander Slu
0%
Gansel
0%
Garceno
0%
Garciasville
0%
Garden City
0%
Gardendale
0%
Garden Ridge
0%
Garfield
0%
Garner
0%
Garrett
0%
Garrison
0%
Garwood
0%
Gary City
0%
Garza-Salinas II
0%
Gatesville
0%
Gause
0%
Gay Hill
0%
Geneva
0%
George’s Creek
0%
Georgetown
0%
George West
0%
Geronimo
0%
Ghent
0%
Gholson
0%
Giddings
0%
Gilchrist
0%
Gill
0%
Gillett
0%
Gilliland
0%
Girard
0%
Girvin
0%
Gladewater
0%
Glass
0%
Glazier
0%
Glen Flora
0%
Glenn Heights
0%
Glenrio
0%
Glenwood
0%
Glidden
0%
Gober
0%
Godley
0%
Goforth
0%
Golden
0%
Golden Pond, Texas
0%
Goldsmith
0%
Gold, Texas
0%
Goldthwaite
0%
Golinda
0%
Gomez, Texas
0%
Gonzales
0%
Goodlow
0%
Goodnight
0%
Goodrich
0%
Goodwill
0%
Gordon
0%
Gordonville
0%
Goree
0%
Gorman
0%
Goshen
0%
Gouldbusk
0%
Graball
0%
Graford
0%
Granbury
0%
Grand Acres
0%
Grandfalls
0%
Grandview
0%
Granger
0%
Grangerland
0%
Granite Shoals
0%
Granjeno
0%
Granville
0%
Grape Creek
0%
Grapetown
0%
Grassland
0%
Grass Pond Colony
0%
Grassyville
0%
Gray Mule
0%
Grays Prairie
0%
Graytown
0%
Greatwood
0%
Greens Bluff
0%
Green Valley
0%
Green Valley Farms
0%
Greenvine
0%
Greenwood
0%
Gresham
0%
Grey Forest
0%
Grice
0%
Grit
0%
Groesbeck
0%
Groom
0%
Groves
0%
Groveton
0%
Grow
0%
Gruene
0%
Gruhlkey
0%
Gruver
0%
Guadalupe City
0%
Guadalupe-Guerra
0%
Guerra
0%
Gulf
0%
Gunsight
0%
Gus
0%
Gustine
0%
Guthrie
0%
Gutierrez
0%
Guy
0%
Hackberry
0%
Hagerman
0%
Hainesville
0%
Hale Center
0%
Hale City
0%
Hallettsville
0%
Hallsburg
0%
Hallsville
0%
Halsell
0%
Haltom City
0%
Hamby
0%
Hamlin
0%
Hammond
0%
Hamshire
0%
Hankamer
0%
Hardin
0%
Harding Gill Tract
0%
Hare
0%
Hargill
0%
Harker Heights
0%
Harleton
0%
Harmony
0%
Harper
0%
Harriett
0%
Harrold
0%
Hart
0%
Hart Camp
0%
Hartley
0%
Harwood
0%
Haskell
0%
Haslam
0%
Haslet
0%
Hasse
0%
Havana
0%
Hawk Cove
0%
Hawkins
0%
Hawkinsville
0%
Hawley
0%
Hay Flat
0%
Haynesville
0%
Hayrick
0%
Hays
0%
H. Cuellar Estates
0%
Hearne
0%
Heartland
0%
Hebbronville
0%
Hebron
0%
Heckville
0%
Hedley
0%
Hedwigs Hill, Texas
0%
Hedwig Village
0%
Heidelberg
0%
Heidenheimer
0%
Helena
0%
Helmic
0%
Helotes
0%
Hemphill
0%
Hempstead
0%
Henrietta
0%
Henry's Chapel
0%
Hereford
0%
Hermleigh
0%
Herring
0%
Herty
0%
Hewitt
0%
Hext
0%
Hickory Creek
0%
Hickory Flats
0%
Hidalgo
0%
Hideaway
0%
Higgins
0%
Highbank
0%
High Hill
0%
High Island
0%
Highland Haven
0%
Highlands
0%
Highland Village
0%
Hightower
0%
Hilburn
0%
Hilda
0%
Hill Country Village
0%
Hillcrest
0%
Hillister
0%
Hillje
0%
Hills
0%
Hillsboro
0%
Hillside Acres
0%
Hilltop
0%
Hilltop Lakes
0%
Hilshire Village
0%
Hitchcock
0%
Hix
0%
Hobson
0%
Hochheim
0%
Hockley
0%
Hogeye
0%
Hogg
0%
Holiday Beach
0%
Holiday Lakes
0%
Holland
0%
Holliday
0%
Holly Lake Ranch
0%
Hollywood Park
0%
Holman
0%
Holt
0%
Homestead Meadows North
0%
Homestead Meadows South
0%
Hondo
0%
Honey Grove
0%
Honey Island
0%
Hooks
0%
Hoop and Holler
0%
Hornsby Bend
0%
Horseshoe Bay
0%
Horseshoe Bend
0%
Hostyn
0%
Hot Springs
0%
Houmont Park
0%
Howardwick
0%
Hubbard
0%
Huckabay
0%
Hudson
0%
Hudson Bend
0%
Hudson Oaks
0%
Huff
0%
Hufsmith
0%
Hughes
0%
Hughes Springs
0%
Hull
0%
Hulldale
0%
Hungerford
0%
Hunt
0%
Hunters Creek Village
0%
Huntington
0%
Huntsville
0%
Hurnville
0%
Huron
0%
Huxley
0%
Hye
0%
Iago
0%
Idalou
0%
Iglesia Antigua
0%
Ike
0%
Ilka
0%
Illinois Bend
0%
Impact
0%
Imperial
0%
Imperial Oaks
0%
Independence
0%
Indian Hills
0%
Indian Lake
0%
Indianola
0%
Indian Springs
0%
Indio
0%
Industry
0%
Inez
0%
Ingleside
0%
Ingleside on the Bay
0%
Ingram
0%
Iola
0%
Iowa Colony
0%
Iowa Park
0%
Ira
0%
Iraan
0%
Iredell
0%
Irene
0%
Iron Bridge
0%
Isla
0%
Islitas
0%
Itasca
0%
Ivanhoe
0%
Izoro
0%
Jacinto City
0%
Jacksonville
0%
Jacobia
0%
Jakes Colony
0%
Jamaica Beach
0%
Jardin de San Julian
0%
Jarrell
0%
Jarvis
0%
Jayton
0%
Jeddo
0%
Jermyn
0%
Jersey Village
0%
Jewel
0%
Jewett
0%
J.F. Villareal
0%
JF Villarreal
0%
Jimkurn
0%
Jim Town
0%
Joaquin
0%
Joinerville
0%
Jonah
0%
Jonesboro
0%
Jones Creek
0%
Joplin
0%
Jorden
0%
Joshua
0%
Jourdanton
0%
Joy
0%
Juarez
0%
Jud
0%
Judson
0%
Junction
0%
Juniper
0%
Juno
0%
Justiceburg
0%
Justin
0%
Kalgary
0%
Kamay
0%
Karnack
0%
Karnes City
0%
Katemcy
0%
K-Bar Ranch
0%
Keechi
0%
Keene
0%
Kellyville
0%
Kelm
0%
Kelsey
0%
Kelso
0%
Kelton
0%
Kemah
0%
Kempner
0%
Kendalia
0%
Kendleton
0%
Kenedy
0%
Kenefick
0%
Kennard
0%
Kennedale
0%
Kenney
0%
Kent
0%
Kerens
0%
Kermit
0%
Kerrick
0%
Kerrville
0%
Kicaster
0%
Kildare
0%
Kilgore
0%
Killeen
0%
Kimball
0%
Kingsbury
0%
Kingsland
0%
Kingsmill
0%
Kingsville
0%
Kinwood
0%
Kirby
0%
Kirbyville
0%
Kirk
0%
Kirkland
0%
Kirtley
0%
Kirvin
0%
Kittie aka Kittie West
0%
Kittrell
0%
Kleinbrook
0%
Klondike
0%
Knickerbocker
0%
Knight
0%
Knippa
0%
Knollwood
0%
Knott
0%
Knox City
0%
Knoxville
0%
Kohrville
0%
Kokomo
0%
Kopperl
0%
Kosse
0%
Kountze
0%
Kovar
0%
Kress
0%
Krugerville
0%
Krum
0%
Kurten
0%
Kyle
0%
LaBelle
0%
La Blanca
0%
La Carla
0%
La Casa
0%
La Casita
0%
La Chuparosa
0%
Lackland AFB
0%
La Coma
0%
La Coma Heights
0%
LaCoste
0%
Lacy-Lakeview
0%
Ladonia
0%
La Escondida
0%
La Esperanza
0%
La Feria
0%
La Feria North
0%
La Gloria
0%
La Grange
0%
La Grulla
0%
Laguna Heights
0%
Laguna Park
0%
Laguna Seca
0%
Laguna Vista
0%
La Homa
0%
Laird Hill
0%
Lajitas
0%
Lake Bridgeport
0%
Lake Brownwood
0%
Lake Bryan
0%
Lake Cherokee
0%
Lake City
0%
Lake Colorado City
0%
Lake Creek
0%
Lake Dallas
0%
Lake Dunlap
0%
Lakehills
0%
Lake Jackson
0%
Lake Kiowa
0%
Lake Medina Shores
0%
Lake Meredith Estates
0%
Lakeport
0%
Lakeshore Gardens-Hidden Acres
0%
Lakeside
0%
Lakeside City
0%
Lake Tanglewood
0%
Lake Victor
0%
Lake View
0%
Lakeview
0%
Lakewood Village
0%
Lake Worth
0%
La Loma de Falcon
0%
La Lomita
0%
Lamar
0%
La Marque
0%
Lamesa
0%
La Minita
0%
Lamkin
0%
La Moca Ranch
0%
Landergin
0%
Lane City
0%
Laneville
0%
Langtry
0%
Lannius
0%
Lantana
0%
La Paloma
0%
La Paloma Addition
0%
La Paloma-Lost Creek
0%
La Paloma Ranchettes
0%
La Plata
0%
La Porte
0%
La Presa
0%
La Pryor
0%
La Puerta
0%
Laredo Ranchettes
0%
Laredo Ranchettes West
0%
La Reforma
0%
La Reunion
0%
Larga Vista
0%
Larissa
0%
La Rosita
0%
LaRue
0%
La Salle
0%
Lasana
0%
Lasara
0%
Las Cabras
0%
Las Haciendas
0%
Las Islas
0%
Las Lomas
0%
Las Lomitas
0%
Las Palmas
0%
Las Palmas II
0%
Las Pilas
0%
Las Quintas Fronterizas
0%
Las Tiendas
0%
Latch
0%
Latex
0%
Latexo
0%
La Tina Ranch
0%
Latium
0%
Laughlin AFB
0%
Laughlin Air Force Base
0%
Laureles
0%
Laurelia
0%
La Vernia
0%
La Victoria
0%
La Villa
0%
La Ward
0%
Lawn
0%
Lazbuddie
0%
Leaday
0%
League Four
0%
Leakey
0%
Leander
0%
Leary
0%
Lebanon
0%
Ledbetter
0%
Leesburg
0%
Leesville
0%
Lefors
0%
Leggett
0%
Lela
0%
Lelia Lake
0%
Leming
0%
Lemonville
0%
Lenorah
0%
Leon Junction
0%
Leon Springs
0%
Leon Valley
0%
Leroy
0%
Levelland
0%
Leverett's Chapel
0%
Levita
0%
Lexington
0%
Liberty
0%
Liberty City
0%
Liberty Hill
0%
Lillian
0%
Lincoln Park
0%
Lindale
0%
Linden
0%
Lindsay
0%
Lingleville
0%
Linn
0%
Linnville, Brazoria County, Texas
0%
Linnville, Calhoun County, Texas
0%
Lipan
0%
Lipscomb
0%
Lissie
0%
Little Cypress
0%
Little Elm
0%
Littlefield
0%
Little River-Academy
0%
Live Oak
0%
Liverpool
0%
Livingston
0%
Llano
0%
Llano Grande
0%
Lobo
0%
Lochridge
0%
Locker
0%
Lockett
0%
Lockhart
0%
Lockney
0%
Lodi
0%
Log Cabin
0%
Lohn
0%
Loire
0%
Lolita
0%
Loma Grande
0%
Loma Linda
0%
Loma Linda East
0%
Loma Linda West
0%
Loma Vista
0%
Lometa
0%
Lone Camp
0%
Lone Oak
0%
Lone Star
0%
Long Branch
0%
Longfellow
0%
Long Lake
0%
Long Mott
0%
Longoria
0%
Long Point
0%
Longview
0%
Lookout Valley
0%
Loop
0%
Lopeno
0%
Lopeño
0%
Lopezville
0%
Loraine
0%
Lorena
0%
Lorenzo
0%
Los Altos
0%
Los Alvarez
0%
Los Angeles
0%
Los Arcos
0%
Los Arrieros
0%
Los Barreras
0%
Los Centenarios
0%
Los Corralitos
0%
Los Ebanos
0%
Los Huisaches
0%
Los Indios
0%
Los Lobos
0%
Los Minerales
0%
Los Nopalitos
0%
Los Ojuelos
0%
Lost Creek
0%
Los Veteranos I
0%
Los Veteranos II
0%
Los Ybanez
0%
Lott
0%
Louetta
0%
Louise
0%
Lovelady
0%
Loving
0%
Lowake
0%
Lowell
0%
Lowry Crossing
0%
Loyal Valley
0%
Loyola Beach
0%
Lozano
0%
Lozier
0%
Luckenbach
0%
Lueders
0%
Luella
0%
Lufkin
0%
Luling
0%
Lumberton
0%
Luxello
0%
Lyford
0%
Lyford South
0%
Lynchburg
0%
Lyons
0%
Lyra
0%
Lytle
0%
Lytton Springs
0%
Mabelle
0%
Macksville
0%
Madera Springs
0%
Madisonville
0%
Magenta
0%
Magnolia Beach
0%
Magnolia Springs
0%
Magwalt
0%
Malakoff
0%
Malone
0%
Malta
0%
Manchaca
0%
Manda
0%
Manestee
0%
Mangum
0%
Mankins
0%
Manning
0%
Manor
0%
Mansfield
0%
Mantua
0%
Manuel Garcia
0%
Manuel Garcia II
0%
Manvel
0%
Maple
0%
Marble Falls
0%
Marcelina
0%
Marie
0%
Marietta
0%
Marion
0%
Markham
0%
Marlin
0%
Marquez
0%
Marshall
0%
Martindale
0%
Martinez
0%
Martin's Mill
0%
Martinsville
0%
Maryneal
0%
Marystown
0%
Marysville
0%
Mason
0%
Massey Lake
0%
Masterson
0%
Matador
0%
Matagorda
0%
Mathis
0%
Maud
0%
Mauriceville
0%
Maverick
0%
Maxdale
0%
Maxwell
0%
May
0%
Maydelle
0%
Maypearl
0%
Maysfield
0%
McAdoo
0%
McCamey
0%
McCaulley
0%
McCoy
0%
McDade
0%
McDuff
0%
McFaddin
0%
McGirk
0%
McGregor
0%
McKinney Acres
0%
McLeod
0%
McNair
0%
McNeil
0%
McQueeney
0%
Meadow
0%
Meadowlakes
0%
Meadows Place
0%
Medicine Mound
0%
Megargel
0%
Melvin
0%
Mendota
0%
Mercedes
0%
Mercury
0%
Mereta
0%
Meridian
0%
Merit
0%
Merkel
0%
Merle
0%
Merrilltown
0%
Mertens
0%
Mertzon
0%
Meyersville
0%
Miami
0%
Mico
0%
Midcity
0%
Midfield
0%
Midkiff
0%
Midway
0%
Midway North
0%
Midway South
0%
Miguel Barrera
0%
Mikes
0%
Mila Doce
0%
Milam
0%
Milano
0%
Miles
0%
Milford
0%
Mill Creek
0%
Miller's Cove
0%
Millersview
0%
Millican
0%
Millsap
0%
Millville
0%
Mineral
0%
Mineral Springs
0%
Mineral Wells
0%
Mingus
0%
Minters Chapel
0%
Mi Ranchito Estate
0%
Mirando City
0%
Mission Bend
0%
Mobeetie
0%
Mobile City
0%
Monaville
0%
Monroe City
0%
Montague
0%
Montalba
0%
Montana Vista
0%
Mont Belvieu
0%
Monte Alto
0%
Monte Christo
0%
Montgomery
0%
Monthalia
0%
Moody
0%
Moore
0%
Moore Station
0%
Moraida
0%
Morales
0%
Morales-Sanchez
0%
Moran
0%
Morgan
0%
Morgan Farm
0%
Morgan Mill
0%
Morgan's Point
0%
Morgan's Point Resort
0%
Mormon Mill
0%
Morning Glory
0%
Morrill
0%
Morris Ranch
0%
Morse
0%
Morton
0%
Morton Valley
0%
Mosheim
0%
Moss Bluff
0%
Moss Hill
0%
Moulton
0%
Mound
0%
Mound City
0%
Mountain City
0%
Mountain Home
0%
Mount Blanco
0%
Mount Calm
0%
Mount Enterprise
0%
Mount Olive
0%
Mount Pleasant
0%
Mount Selman
0%
Mount Sylvan
0%
Mount Vernon
0%
Moursund
0%
Muellersville
0%
Muenster
0%
Muldoon
0%
Muleshoe
0%
Mullin
0%
Mullins Prairie
0%
Mumford
0%
Munday
0%
Muniz
0%
Murchison
0%
Murillo
0%
Murvaul
0%
Mustang
0%
Mustang Prairie
0%
Mustang Ridge
0%
Myra
0%
Myrtle Springs
0%
Nada
0%
Naples
0%
Narciso Pena
0%
Narcisso
0%
Nash
0%
Nassau Bay
0%
Natalia
0%
Navarro
0%
Navasota
0%
Navo
0%
Nazareth
0%
Nechanitz
0%
Neches
0%
Nederland
0%
Needmore
0%
Needville
0%
Neighborsville
0%
Nemo
0%
Netos
0%
Neuse Store
0%
Nevada
0%
Newark
0%
New Baden
0%
New Berlin
0%
New Birmingham
0%
New Braunfels
0%
Newcastle
0%
New Chapel Hill
0%
New Danville
0%
New Deal
0%
New Fairview
0%
New Falcon
0%
New Fountain
0%
New Gulf
0%
Newgulf
0%
New Harmony
0%
New Home
0%
New Hope
0%
New London
0%
New Lynn
0%
Newman
0%
New Mexico
0%
Newport
0%
New Summerfield
0%
New Sweden
0%
New Territory
0%
New Ulm
0%
New Waverly
0%
New York
0%
Neylandville
0%
Niederwald
0%
Nina
0%
Nix
0%
Nixon
0%
Nockenut
0%
Nocona
0%
Nocona Hills
0%
Nogal
0%
Nogalus Prairie
0%
Nolan
0%
Nolanville
0%
Nome
0%
Noodle
0%
Noonday
0%
Nordheim
0%
Norfleet
0%
Normandy
0%
Normangee
0%
Normanna
0%
Norman's Crossing
0%
North Alamo
0%
North Cleveland
0%
Northcliff
0%
Northcliffe
0%
Northcliffe Manor
0%
North Escobares
0%
Northfield
0%
North Houston
0%
Northlake
0%
North Pearsall
0%
Northridge
0%
North Roby
0%
North San Pedro
0%
North Zulch
0%
Norton
0%
Notrees
0%
Nottawa
0%
Novice
0%
Noxville
0%
Nugent
0%
Nursery
0%
Oakalla
0%
Oak Flat
0%
Oak Forest
0%
Oak Grove
0%
Oak Hill
0%
Oakhurst
0%
Oak Island
0%
Oakland
0%
Oak Leaf
0%
Oak Point
0%
Oak Ridge
0%
Oak Ridge North
0%
Oak Trail Shores
0%
Oak Valley
0%
Oakville
0%
Oakwood
0%
Oatmeal
0%
O'Brien
0%
Ocee
0%
Ochiltree
0%
Ochoa
0%
O'Daniel
0%
Odds
0%
Odell
0%
Odem
0%
O'Donnell
0%
Oglesby
0%
Ohio
0%
Oilton
0%
Ojo de Veranda
0%
Oklaunion
0%
Okra
0%
Olden
0%
Oldenburg
0%
Old Escobares
0%
Old Glory
0%
Old Ocean
0%
Old River-Winfree
0%
Olga
0%
Olivarez
0%
Olive
0%
Olivia Lopez de Gutierrez
0%
Olmito
0%
Olmito and Olmito
0%
Olmos
0%
Olmos Park
0%
Olney
0%
Olton
0%
Onalaska
0%
Onion Creek
0%
Opdyke namesake of Opdyke West
0%
Opdyke West
0%
O'Quinn
0%
Orangefield
0%
Orange Grove
0%
Orason
0%
Orchard
0%
Ore City
0%
Orient
0%
Orla
0%
Orlena
0%
Osage
0%
Oso
0%
Otey
0%
Otis Chalk
0%
Ottine
0%
Otto
0%
Ovalo
0%
Overton
0%
Ovilla
0%
Owens
0%
Owensville
0%
Owentown
0%
Owenville
0%
Owl Ranch
0%
Oyster Creek
0%
Ozona
0%
Pablo Pena
0%
Padgett
0%
Paducah
0%
Paige
0%
Paint Creek
0%
Paint Rock
0%
Paisano Park
0%
Palacios
0%
Palisades
0%
Palito Blanco
0%
Palmhurst
0%
Palm Valley
0%
Palmview
0%
Palmview South
0%
Palo Blanco
0%
Paloma Creek
0%
Paloma Creek South
0%
Palo Pinto
0%
Paluxy
0%
Pampa
0%
Pancake
0%
Pandale
0%
Pandora
0%
Panhandle
0%
Panna Maria
0%
Panola
0%
Panorama Village
0%
Pantego
0%
Paradise
0%
Parita
0%
Park Springs
0%
Pasadena
0%
Paso Real
0%
Patricia
0%
Pattison
0%
Patton Village
0%
Pattonville
0%
Pawnee
0%
Payne Springs
0%
Peach Creek
0%
Peach Tree Village
0%
Peacock
0%
Pearl
0%
Pearland
0%
Pearl City
0%
Pearsall
0%
Pearson
0%
Pear Valley
0%
Peaster
0%
Pecan Acres
0%
Pecan Gap
0%
Pecan Grove
0%
Pecan Hill
0%
Pecan Plantation
0%
Pecos
0%
Pedernales
0%
Peggy
0%
Pelican Bay
0%
Pena
0%
Pendleton
0%
Penelope
0%
Penick
0%
Pennington
0%
Penwell
0%
Pep
0%
Perezville
0%
Perico
0%
Pernitas Point[6]
0%
Perrin
0%
Pert
0%
Pescadito
0%
Petersburg
0%
Petrolia
0%
Petronila
0%
Pettus
0%
Petty
0%
Pettytown
0%
Peyton Colony
0%
Pharr
0%
Phelan
0%
Phillips
0%
Phillipsburg
0%
Pickton
0%
Pierce
0%
Pike
0%
Pila Blanca
0%
Pilares
0%
Pinebrook
0%
Pine Forest
0%
Pine Harbor
0%
Pinehurst
0%
Pine Island
0%
Pineland
0%
Pine Springs
0%
Pine Tree
0%
Pinewood Estates
0%
Piney Point Village
0%
Pipe Creek
0%
Pisek
0%
Pisgah
0%
Pittsville
0%
Placedo
0%
Plantersville
0%
Plata
0%
Pleak
0%
Pleasant Farms
0%
Pleasant Hill
0%
Pleasanton
0%
Pleasant Valley
0%
Pledger
0%
Plemons
0%
Plum
0%
Plum Grove
0%
Plummer Crossing
0%
Poesta
0%
Poetry
0%
Point
0%
Point Blank
0%
Point Comfort
0%
Point Venture
0%
Pollok
0%
Polonia
0%
Ponder
0%
Pontotoc
0%
Poolville
0%
Port Aransas
0%
Porter Heights
0%
Porterville
0%
Port Isabel
0%
Portland
0%
Port Mansfield
0%
Port Neches
0%
Port O'Connor
0%
Port Sullivan
0%
Porvenir
0%
Post Oak Bend City
0%
Poteet
0%
Poth
0%
Potosi
0%
Pottsboro
0%
Pottsville
0%
Powderly
0%
Powell
0%
Powell Point
0%
Poynor
0%
Prado Verde
0%
Praesel
0%
Praha
0%
Prairie Dell
0%
Prairie Hill
0%
Prairie Lea
0%
Prairie View
0%
Premont
0%
Presidio
0%
Preston
0%
Price
0%
Priddy
0%
Primera
0%
Pringle
0%
Pritchett
0%
Proctor
0%
Proffitt
0%
Progreso
0%
Progreso Lakes
0%
Providence
0%
Providence Village
0%
Provident City
0%
Pueblo East
0%
Pueblo Nuevo
0%
Pumpville
0%
Purdon
0%
Purmela
0%
Putnam
0%
Pyote
0%
Quail
0%
Quail Creek
0%
Quarry
0%
Quemado
0%
Quesada
0%
Quigley
0%
Quincy
0%
Quintana
0%
Quitaque
0%
Rabb
0%
Rabbs Prairie
0%
Rachal
0%
Radar Base
0%
Radium
0%
Rafael Pena
0%
Rainbow
0%
Raisin
0%
Ralls
0%
Ramireno
0%
Ramirez
0%
Ramirez-Perez
0%
Ramos
0%
Ranchette Estates
0%
Ranchitos del Norte
0%
Ranchitos East
0%
Ranchitos Las Lomas
0%
Rancho Alegre
0%
Rancho Banquete
0%
Rancho Chico
0%
Rancho de la Parita
0%
Ranchos Penitas West
0%
Rancho Viejo
0%
Randado
0%
Randolph
0%
Randolph AFB
0%
Ranger
0%
Rangerville
0%
Rankin
0%
Ransom Canyon
0%
Ratamosa
0%
Ratcliff
0%
Rath City
0%
Ravenna
0%
Rayburn
0%
Raymondville
0%
Rayner
0%
Ray Point
0%
Raywood
0%
Reagan
0%
Realitos
0%
Redbarn
0%
Redfield
0%
Redford
0%
Redland
0%
Red Lick
0%
Red River Station
0%
Red Rock
0%
Red Springs
0%
Redtown
0%
Redwater
0%
Redwood
0%
Reese
0%
Reese Center
0%
Refugio
0%
Regency
0%
Regino Ramirez
0%
Rehburg
0%
Reid Hope King
0%
Rek Hill
0%
Reklaw
0%
Relampago
0%
Remington Ranch
0%
Remlig
0%
Rendon
0%
Reno
0%
Retreat
0%
Rexville
0%
Rhineland
0%
Rhonesboro
0%
Rice Tracts
0%
Richland
0%
Richland Hills
0%
Richland Springs
0%
Richmond
0%
Richwood
0%
Ridge
0%
Ridout
0%
Riesel
0%
Ringgold
0%
Rio Bravo
0%
Rio Frio
0%
Rio Grande City
0%
Rio Hondo
0%
Rio Medina
0%
Rios
0%
Rio Vista
0%
Rising Star
0%
Rita
0%
Rivera
0%
Rivereno
0%
River Oaks
0%
Riverside
0%
Riviera
0%
Roanoke
0%
Roans Prairie
0%
Roaring Springs
0%
Robert Lee
0%
Robinson
0%
Robstown
0%
Rochelle
0%
Rochester
0%
Rock Creek
0%
Rockdale
0%
Rockett
0%
Rock Island
0%
Rockland
0%
Rockne
0%
Rocksprings
0%
Rockwell Place
0%
Rockwood
0%
Rocky Mound
0%
Roganville
0%
Rogers
0%
Rollingwood
0%
Roma
0%
Roma Creek
0%
Roman Forest
0%
Romayor
0%
Romney
0%
Roosevelt
0%
Rooster Springs
0%
Ropesville
0%
Rosanky
0%
Roscoe
0%
Rosebud
0%
Rose City
0%
Rose Hill
0%
Rose Hill Acres
0%
Rosenberg
0%
Rosevine
0%
Rosewood
0%
Rosharon
0%
Rosita
0%
Ross City
0%
Rosston
0%
Rotan
0%
Round Mountain
0%
Round Top
0%
Rowena
0%
Roxton
0%
Royalty
0%
Royston, Texas
0%
Roznov
0%
Rucker
0%
Ruidosa
0%
Rule
0%
Runaway Bay
0%
Runge
0%
Runn
0%
Runnels City
0%
Rusk
0%
Rustler Springs
0%
Rutersville
0%
Rye
0%
Sabinal
0%
Sabine Pass
0%
Sachse
0%
Sacul
0%
Sadler
0%
Sage
0%
Sagerton
0%
Saint Johns Colony
0%
Saint Lawrence
0%
Salado
0%
Salem
0%
Salida del Sol Estates
0%
Saline
0%
Salineño
0%
Salineño North
0%
Salmon
0%
Salona
0%
Salt Flat
0%
Salt Gap
0%
Saltillo
0%
Salty
0%
Sam Fordyce
0%
Sammy Martinez
0%
Samnorwood
0%
Sam Rayburn
0%
San Angelo
0%
San Augustine
0%
San Benito
0%
San Carlos
0%
San Carlos I
0%
San Carlos II
0%
Sanco
0%
Sanctuary
0%
Sand Branch
0%
Sanderson
0%
Sand Hill
0%
Sandia
0%
San Diego
0%
Sandoval
0%
Sand Springs
0%
Sandy Hills
0%
Sandy Hollow-Escondidas
0%
Sandy Oaks
0%
Sandy Point
0%
San Elizario
0%
San Felipe
0%
San Fernando
0%
Sanford
0%
San Gabriel
0%
Sanger
0%
San Isidro
0%
San Leanna
0%
San Leon
0%
San Marcos
0%
San Patricio
0%
San Pedro
0%
San Perlita
0%
San Saba
0%
Sansom Park
0%
Santa Anna
0%
Santa Catarina
0%
Santa Clara
0%
Santa Cruz
0%
Santa Elena
0%
Santa Fe
0%
Santa Maria
0%
Santa Monica
0%
Santa Rita
0%
Santa Rita Ranch
0%
Santa Rosa
0%
Santel
0%
Santo
0%
Santo Tomás
0%
San Vicente
0%
San Ygnacio
0%
Saragosa
0%
Sarahville de Viesca
0%
Saratoga
0%
Sargent
0%
Sarita
0%
Saspamco
0%
Satin
0%
Satsuma
0%
Sattler
0%
Savage
0%
Savannah
0%
Savoy
0%
Sayers
0%
Scenic Oaks
0%
Schulenburg
0%
Schwertner
0%
Scissors
0%
Scofield
0%
Scottsville
0%
Scroggins
0%
Seabreeze
0%
Seabrook
0%
Seadrift
0%
Seagraves
0%
Sealy
0%
Seawillow
0%
Sebastian
0%
Seco Mines
0%
Segno
0%
Seguin
0%
Seis Lagos
0%
Sejita
0%
Selman City
0%
Seminole
0%
Senterfitt
0%
Serbin
0%
Serenada
0%
Seth Ward
0%
Seven Oaks
0%
Seven Points
0%
Sexton
0%
Seymour
0%
Shadybrook
0%
Shady Grove
0%
Shady Hollow
0%
Shady Shores
0%
Shafter
0%
Shafter Lake
0%
Shallowater
0%
Shamrock
0%
Shannon
0%
Shavano Park
0%
Sheffield
0%
Shelby
0%
Shelbyville
0%
Sheldon
0%
Shenandoah
0%
Shepherd
0%
Sher-Han
0%
Sheridan
0%
Sherwood
0%
Sherwood Shores
0%
Shiloh
0%
Shiner
0%
Shiro
0%
Shoreacres
0%
Sidney
0%
Sienna Plantation
0%
Sierra
0%
Sierra Blanca
0%
Siesta Acres
0%
Siesta Shores
0%
Signal Hill
0%
Silsbee
0%
Silverton
0%
Simms
0%
Simonton
0%
Simpsonville
0%
Singleton
0%
Sinton
0%
Sipe Springs
0%
Sisterdale
0%
Sivells Bend
0%
Skellytown
0%
Skidmore
0%
Slaton
0%
Slide
0%
Slidell
0%
Slocum
0%
Smeltertown
0%
Smiley
0%
Smithfield
0%
Smithland
0%
Smith Point
0%
Smithville
0%
Smithwick
0%
Smyer
0%
Snook
0%
Snyder
0%
Soash
0%
Socorro
0%
Solis
0%
Somerset
0%
Somerville
0%
Sonora
0%
Sonterra
0%
Sour Lake
0%
South Alamo
0%
South Bend
0%
South Fork Estates
0%
South Houston
0%
Southlake
0%
Southland
0%
South La Paloma
0%
Southmayd
0%
South Mountain
0%
South Padre Island
0%
South Plains
0%
South Point
0%
Southside Place
0%
South Texarkana
0%
South Toledo Bend
0%
Southwest Sandhill
0%
Sowers
0%
Spade
0%
Spanish Fort
0%
Sparks
0%
Speaks
0%
Spearman
0%
Spicewood
0%
Splendora
0%
Spofford
0%
Spring Gardens
0%
Spring Hill
0%
Springlake
0%
Springtown
0%
Spring Valley Village
0%
Spur
0%
Spurger
0%
Spurlin
0%
Stafford
0%
Stagecoach
0%
Stairtown
0%
Stamford
0%
Stanfield
0%
Stanton
0%
Staples
0%
Star
0%
Star Harbor
0%
Starrville
0%
Startzville
0%
Steiner Ranch
0%
Sterley
0%
Steward's Mill
0%
St. Hedwig
0%
Stiles
0%
Stilson
0%
Stinnett
0%
St. Jo
0%
St. John
0%
St. Mary's of Aransas
0%
Stockdale
0%
Stockton Bend
0%
Stoneburg
0%
Stoneham
0%
Stonewall
0%
Stowell
0%
Stratford
0%
Strawn
0%
Streetman
0%
Study Butte
0%
Sublime
0%
Sudan
0%
Sullivan
0%
Sullivan City
0%
Sulphur Bluff
0%
Summerfield
0%
Sumner
0%
Sumpter
0%
Sunnyside
0%
Sunray
0%
Sunrise Beach Village
0%
Sunrise Shores
0%
Sunset Acres
0%
Sunshine Hill
0%
Sun Valley
0%
Surfside Beach
0%
Sutherland Springs
0%
Swan
0%
Swanson Hill Church
0%
Swartwout
0%
Swastika
0%
Sweeny
0%
Sweet Home
0%
Sweetwater
0%
Swenson
0%
Swinney Switch
0%
Swiss Alp
0%
Sycamore
0%
Sylvester
0%
Taft
0%
Taft Southwest
0%
Tahoka
0%
Talco
0%
Talpa
0%
Tamina
0%
Tankersley
0%
Tanquecitos South Acres
0%
Tanquecitos South Acres II
0%
Tarkington Prairie
0%
Tarpley
0%
Tarrant
0%
Tarzan
0%
Tascosa
0%
Tatum
0%
Tavener
0%
Taylor Lake Village
0%
Taylor Landing
0%
Tee Pee City
0%
Tehuacana
0%
Telegraph
0%
Telephone
0%
Telferner
0%
Telico
0%
Tell
0%
Temple
0%
Tenaha
0%
Tennessee Colony
0%
Tennyson
0%
Terlingua
0%
Terrell Hills
0%
Texana
0%
Texas City
0%
Texhoma
0%
Texla
0%
Texline
0%
Texon
0%
Thalia
0%
The Grove
0%
The Hills
0%
The Homesteads
0%
The Woodlands
0%
Thicket
0%
Thomaston
0%
Thompsons
0%
Thompsonville
0%
Thornberry
0%
Thorndale
0%
Thornton
0%
Thorntonville
0%
Thrall
0%
Three Oaks
0%
Three Rivers
0%
Throckmorton
0%
Thunderbird Bay
0%
Thurber
0%
Tidwell Prairie
0%
Tiemann
0%
Tierra Bonita
0%
Tierra Dorada
0%
Tierra Grande
0%
Tierra Verde
0%
Tigertown
0%
Tiki Island
0%
Tilden
0%
Timbercreek Canyon
0%
Timber Meadows
0%
Timberwood Park
0%
Timpson
0%
Tioga
0%
Tira
0%
Tivoli
0%
Toadsuck
0%
Toco
0%
Todd City
0%
Todd Mission
0%
Togo
0%
Tokio
0%
Tolar
0%
Tolbert
0%
Tomball
0%
Tom Bean
0%
Tomlinson Hill
0%
Tool
0%
Topsey
0%
Tornillo
0%
Towash
0%
Toyah
0%
Toyahvale
0%
Traces
0%
Tradewinds
0%
Travis Ranch
0%
Trent
0%
Trenton
0%
Trickham
0%
Trinidad
0%
Trinity
0%
Trophy Club
0%
Trotti
0%
Troup
0%
Troy
0%
Trujillo
0%
Truscott
0%
Tubbs Corner
0%
Tucker
0%
Tuckertown
0%
Tuff
0%
Tuleta
0%
Tulia
0%
Tulsita
0%
Tunis
0%
Turkey
0%
Turnersville
0%
Turnersville[2]
0%
Turnersville[7]
0%
Turnertown
0%
Turpentine
0%
Turtle Bayou
0%
Turtle Cove
0%
Tuscola
0%
Tuxedo
0%
Twin Sisters
0%
Twitty
0%
Tye
0%
Tynan
0%
Uhland
0%
Umbarger
0%
Uncertain
0%
Union Grove
0%
Union Hill
0%
Union Ridge
0%
Union Valley
0%
Unity
0%
Universal City
0%
University Park
0%
Upland
0%
Upton
0%
Utica
0%
Utley
0%
Utopia
0%
Uvalde Estates
0%
Valentine
0%
Valera
0%
Valle Hermoso
0%
Valle Verde
0%
Valle Vista
0%
Valley Mills
0%
Valley Spring
0%
Valley View
0%
Val Verde
0%
Val Verde Park
0%
Vancourt
0%
Vandenburg
0%
Vanderbilt
0%
Vanderpool
0%
Van Horn
0%
Van Vleck
0%
Vashti
0%
Vattman
0%
Vealmoor
0%
Vega
0%
Verbena
0%
Verhalen
0%
Veribest
0%
Vernon
0%
Vesrue
0%
Vick
0%
Victoria Vera
0%
Vidor
0%
Vieja Springs
0%
View
0%
Vigo Park
0%
Villa del Sol
0%
Village Mills
0%
Villa Pancho
0%
Villarreal
0%
Villa Verde
0%
Vinton
0%
Violet
0%
Virginia City
0%
Voca
0%
Volente
0%
Von Ormy
0%
Voss
0%
Votaw
0%
Wadsworth
0%
Waelder
0%
Wagner
0%
Waka
0%
Wake Village
0%
Walburg
0%
Waldeck
0%
Walhalla
0%
Waller
0%
Wallis
0%
Wallisville
0%
Walnut Springs
0%
Warda
0%
Waring
0%
Warren City
0%
Washburn
0%
Washington-on-the-Brazos
0%
Waskom
0%
Wasp Creek
0%
Wastella
0%
Watauga
0%
Waterloo
0%
Water Valley
0%
Watkins
0%
Watson
0%
Wayside
0%
Webb
0%
Webberville
0%
Webster
0%
Weesatche
0%
Weimar
0%
Weinert
0%
Weir
0%
Welch
0%
Welfare
0%
Wellborn
0%
Wellington
0%
Wellman
0%
Wells
0%
Wells Branch
0%
Wells Creek
0%
Wenasco
0%
Weslaco
0%
West Alto Bonito
0%
Westbrook
0%
West Columbia
0%
Westdale
0%
Western Lake
0%
Westfield
0%
Westhoff
0%
Westlake
0%
West Lake Hills
0%
West Livingston
0%
Westminster
0%
West Mountain
0%
West Odessa
0%
Weston
0%
Weston Lakes
0%
West Orange
0%
Westover Hills
0%
Westphalia
0%
West Point
0%
West Sharyland
0%
West Tawakoni
0%
West University Place
0%
Westway
0%
Westwood Shores
0%
Westworth Village
0%
Wetmore
0%
Wharton
0%
Wheeler
0%
Wheelock
0%
White City
0%
White Deer
0%
Whiteface
0%
Whiteflat
0%
White Hall
0%
Whitehouse
0%
White Oak
0%
White Settlement
0%
Whiteway
0%
Whitewright
0%
Whitharral
0%
Whitney
0%
Whitsett
0%
Whitt
0%
Whittenburg
0%
Whitton
0%
Who'd Thought It
0%
Whon
0%
Wickett
0%
Wieland
0%
Wiergate
0%
Wilcox
0%
Wild Cat Bluff
0%
Wilderville
0%
Wildorado
0%
Wild Peach Village
0%
Wildwood
0%
Willamar
0%
William Penn
0%
Williams Ranch
0%
Willow Grove
0%
Willow Park
0%
Wimberley
0%
Winchell
0%
Windcrest
0%
Windemere
0%
Windom
0%
Windthorst
0%
Winfield
0%
Wingate
0%
Winklemann
0%
Winnie
0%
Winona
0%
Wintergreen
0%
Winters
0%
Wixon Valley
0%
Woden
0%
Wolfe City
0%
Wolfforth
0%
Womack
0%
Woodbranch
0%
Woodcreek
0%
Woodlake
0%
Woodloch
0%
Woodrow
0%
Woodsboro
0%
Woodson
0%
Woodville
0%
Woodward
0%
Woodway
0%
Woody
0%
Wortham
0%
Wrightsboro
0%
Wyldwood
0%
Yancey
0%
Yard
0%
Yegua
0%
Yellowpine
0%
Yoakum
0%
Yorktown
0%
Yznaga
0%
Zapata Ranch
0%
Zarate
0%
Zavalla
0%
Zeirath
0%
Zella
0%
Zephyr
0%
Ziler
0%
Zionville
0%
Zipperlandville
0%
Zorn
0%
Zuehl
0%
No matching quizzes found
Score Distribution
Percent of People with Each Score
Percentile by Number Answered
Your Score History
You have not taken this quiz since the last reset